The New Oxford Thesaurus of English (Record no. 2962)

MARC details
000 -LEADER
fixed length control field 00504nam a22001697a 4500
005 - DATE AND TIME OF INPUT
control field 20240830100239.0
008 - DATA ELEMENTS--GENERAL INFORMATION
fixed length control field 240830b |||||||| |||| 00| 0 eng d
020 ## - INTERNATIONAL STANDARD BOOK NUMBER
International Standard Book Number 0198602618
041 ## - LANGUAGE CODE
Language code of text English
082 ## - SHELF NUMBER
DDC number 349 NEW
100 ## - MAIN AUTHOR
Language of a work English
245 ## - TITLE STATEMENT
Title The New Oxford Thesaurus of English
Statement of responsibility, etc. edited by P Hanks
260 ## - PUBLICATION, DISTRIBUTION, ETC.
Place of publication, distribution, etc. New York:
Name of publisher, distributor, etc. Oxford University Press Inc.
Date of publication, distribution, etc. 2000
300 ## - PHYSICAL DESCRIPTION
Other physical details ix, 1087 pages;
Dimensions 29 cm.
650 ## - SUBJECT`
Broad subject Legal Practice
Own subject terms Law
942 ## - ADDED ENTRY ELEMENTS (KOHA)
Item type Books
942 ## - ADDED ENTRY ELEMENTS (KOHA)
-- ALISON_BN_VRIES
Holdings
Source of classification or shelving scheme Not for loan Home library Current library Shelving location Date acquired Full call number Barcode Price effective from Koha item type
Dewey Decimal Classification   LAW SOCIETY OF NAMIBIA LIBRARY - WINDHOEK LAW SOCIETY OF NAMIBIA LIBRARY - WINDHOEK DICTIONARY 08/30/2024 349 NEW LSN/2023/4128 08/30/2024 Books